Wiedza ogólna o piłce nożnej #2 - Statystyki

Ogólne statystyki
  • Ten quiz został rozwiązany 917 razy
  • Średni wynik to 6 z 15
Statystyki odpowiedzi
Zagadnienie Odpowiedź % Poprawnych
Z jakiego kraju pochodzi pomocnik Manchesteru United - Christian Eriksen? Dania
89%
Kto zdobył pierwsze Mistrzostwo Świata w piłce nożnej? Urugwaj
85%
Jaki kraj na arenie międzynarodowej reprezentuje Geoffrey Kondogbia? Republika Środkowoafrykańska
61%
Z jakiego klubu Ewa Pajor przeszła do Wolfsburga? Medyk Konin
47%
Jaki stadion posiada Fiorentina? Stadio Artemio Franchi
45%
Z jakimi drużynami Lech Poznań mierzył się w fazie grupowej Ligi Konferencji Europy w sezonie 2022/23? Villarreal CF, Hapoel Beer Szewa, Austria Wiedeń
43%
W jakim klubie piłkarskim karierę zakończył Ronaldinho? Fluminense
40%
Który z wymienionych piłkarzy ma na swoim koncie najwięcej strzelonych bramek w reprezentacji Brazylii? Neymar
39%
Ile asyst w 159 występach dla Realu Madryt zanotował Mesut Özil? 81
34%
W jakim klubie piłkarskim karierę zakończył David Beckham? Paris SG
33%
Jaki był bilans bramkowy w dwumeczu 1/16-finału Ligi Konferencji Europy pomiędzy Legią Warszawa, a Molde FK? 2:6
31%
Który z poniższych piłkarzy ma na swoim koncie najwięcej bramek w barwach Interu Mediolan? Lautaro Martínez
24%
Który piłkarz w sezonie 2010/11 sięgnął po koronę króla strzelców w Ekstraklasie? Tomasz Frankowski
21%
Która z wymienionych drużyn narodowych nie była debiutantem na Mistrzostwach Świata 2006? Tunezja
20%
Który z wymienionych krajów nigdy nie wygrał Pucharu Narodów Afryki? Mali
19%
Nie znaleziono quizów pasujących do podanych kryteriów
Rozkład punktacji
Procent ludzi z każdym wynikiem
Percentyl według liczby udzielonych odpowiedzi
Twoja historia wyników
Nie rozwiązałeś tego quizu